000 01464nam a2200421 i 4500
001 1238
003 KOSZ 005
005 20200428143120.0
008 981230s1985 pl a f |000 0 pol
015 _aPB 1985/1866
020 _a8320405807
020 _a8320408119
040 _aWA N
_cWA N
_dKOSZ 005/HR
041 0 _apol
080 _a51
080 _a(076)
100 1 _aLeksiński, Wacław
_d(1932- ).
_eAutor
245 1 0 _aMatematyka w zadaniach dla kandydatów na wyższe uczelnie.
_nT. 1 /
_cWacław Leksiński, Bohdan Macukow, Wojciech Żakowski.
250 _aWyd. 2 popr.
260 _aWarszawa :
_bWydawnictwa Naukowo-Techniczne,
_c1985.
300 _a259, [13] s. :
_brys., wykr. ;
_c21 cm.
336 _2rdacontent
_aTekst
_btxt
337 _2rdamedia
_aBez urządzenia pośredniczącego
_bn
338 _2rdacarrier
_aWolumin
_bnc
380 _aKsiążki
380 _aPublikacje dydaktyczne
385 _mPoziom nauczania
_aSzkoły średnie
388 _a1901-2000
388 _a1945-1989
655 4 _aĆwiczenia i zadania dla szkół średnich.
658 _aMatematyka
650 4 _aMatematyka
700 1 _aMacukow, Bohdan
_d(1946- ).
_eAutor
710 2 _aWydawnictwa Naukowo-Techniczne
_4pbl.
700 1 _aŻakowski, Wojciech
_d(1929-1993)
_eAutor
856 _uhttp://koha.tu.koszalin.pl/cgi-bin/koha/opac-detail.pl?biblionumber=1238
_yKatalog online BPK
942 _2UKD
_cKS
999 _c1238
_d1238